000
00275nam a22001097a 4500
082
_a
539.7 CHA'A
100
_a
CHAPMAN, R
_9
74988
245
_a
ATOMIC ENERGY FOR ALLA PAYMAN'S GUIDE TO THE ATOM AND ITS USES
260
_a
LONDON
_b
ODHAMS
_c
1960
300
_a
192P
942
_c
BK
999
_c
580487
_d
580487